Batman A-Z (Slideshow) Quiz Stats

Quiz not verified by Sporcle

Also try: Zodiac Symbols
Challenge
Share
Tweet
Score 0/25 Timer 06:00
0 Plays Today
% Correct
Catwoman
98.7%
Bane
97.4%
Alfred Pennyworth
96.9%
The Joker
95.7%
Poison Ivy
94.8%
The Penguin
93.4%
The Riddler
92.7%
Two-Face
92.6%
Scarecrow
92.5%
Mr. Freeze
91.9%
Harley Quinn
91.7%
Commissioner Gordon
90.3%
The Mad Hatter
87.3%
% Correct
Bruce Wayne
86.3%
Nightwing
85.6%
Killer Croc
85.1%
Utility Belt
84.6%
Deadshot
79.5%
Oracle
75.6%
The Ventriloquist
72.5%
Victor Zsasz
60.6%
Batman: Year One
46.5%
The Question
46.3%
Hush (Thomas Elliot)
42.9%
Firefly (Garfield Lynns)
28.6%

You're not logged in!

Compare scores with friends on all Sporcle quizzes.
Sign Up with Email
OR
Log In

You Might Also Like...

Show Comments

Extras

Top Quizzes Today


Score Distribution

Your Account Isn't Verified!

In order to create a playlist on Sporcle, you need to verify the email address you used during registration. Go to your Sporcle Settings to finish the process.